000 00285nam a2200109Ia 4500
001 587460
005 20250717113817.0
008 250717s9999 xx 000 0 und d
245 0 _aX-7 UZAYI KEŞFEDİYORUM MERKÜR
_cŞEBNEM ÖZDEMİRCİ
260 _bBETA YAYINLARI
_c2021
300 _b18
999 _c587460
_d587460